01068nam a2200265 a 450000100100000000500170001000800410002704000250006808200150009324501190010826000490022730000210027659000270029770000320032470000340035670000340039070000370042470000350046170000470049670000340054370000490057771000460062695201130067299900170078500004844720240314191552.0140226s2014 dr 000 0 spa d aDO-SdBNPbspacBNPHU axxxxbxxxx00aReflexiones jurídicas /cJulio César Matos, Wilfredo Mora...[et al] ; prólogo José Andres Aybar Sánchez. aSanto Domingo :bEdiciones Unicaribe,c2014. a47 P : ;c23 cm. aInventariado, 2019/ YL12aMatos, Julio César97586112aMora, Wilfredo,d1965-91270112avólquez Nova, José97586212aMilton Ray Guevarad1948-97814312aReynoso, Yenni Berenice97586312aRodríguez Cabrera, Miguel Antonio95487612aTerrero, Jaime Caonabo97586412aAybar Sánchez, José Andreseprol.91878622aUniversidad del Caribe (UNICARIBE)959912 0010718PDaPDbPDcCTd2019-03-21iLF1l0oxxxx xxxxp48447-10r2020-06-25w2020-06-25yLFPDZNo se presta c47935d47935